000 00480nam a2200217Ia 4500
003 0100
008 130303s9999 xx 000 0 und d
020 _a875730019
040 _cARRUPELIB
050 _aBQ266.R431994
100 _aNoble Ross Reat
245 _aBuddhism
245 _ba history
260 _aFremont, California
260 _bJain Publishing Co.
260 _C1994
300 _axi
300 _b 376p. 22cm
700 _aNoble Ross Reat
942 0 0 _02
999 _c9181
_d9181